図柄ナンバープレート(地方版)クイズ - Statistics

General Stats
  • This quiz has been taken 83 times
  • The average score is 26 of 72
Answer Stats
Picture Answer % Correct
沖縄県
81%
福井
77%
奈良
77%
広島
77%
愛媛
74%
秋田県
74%
山形
73%
石川
73%
栃木県
71%
仙台
69%
高知
69%
鹿児島
69%
東京都
66%
大分
65%
長崎・佐世保
61%
群馬県
61%
新潟
60%
60%
長岡
58%
熊本
58%
岩手
56%
富士山(山梨県)
56%
徳島
56%
山口
55%
滋賀
53%
福山
50%
下関
50%
香川
50%
鳥取
45%
苫小牧
44%
日光
44%
富山
40%
富士山(静岡県)
40%
成田
39%
伊勢志摩
39%
知床
35%
金沢
32%
京都
31%
いわき
31%
庄内
23%
豊田
23%
上越
23%
市原
21%
江東
19%
出雲
19%
宮崎
18%
船橋
18%
飛鳥
18%
弘前
16%
四日市
15%
杉並
13%
盛岡
11%
十勝
11%
土浦
10%
市川
10%
つくば
8%
白河
6%
岡崎
6%
平泉
5%
前橋
5%
越谷
5%
5%
春日井
5%
板橋
5%
高松
5%
江戸川
5%
安曇野
5%
世田谷
3%
松戸
3%
葛飾
3%
那須
3%
南信州
3%
No matching quizzes found
Score Distribution
Percent of People with Each Score
Percentile by Number Answered
Your Score History
You have not taken this quiz